00654nam a2200217Ia 450000500170000000800410001702000140005804000190007204100120009108200200010324500670012326000260019030000150021644000290023150400500026063000350031065000430034565100180038870000200040685000100042620230316095823.0131103s9999 xx 000 0 und d a583059275 aLoreto College aEnglish a822.33bSHA-WAL aShakespeare's comediescedited and introduction by Gary,Waller aLondonbLongmanc1991 axi,224 p.  aLongman Critical Readers aIncludes bibliographical references and index aShakespeare,William - Comedies aWaller,Gary F. (Gary Fredrick) 1945 -  aEnglish Drama aWaller,Gary,ed. aLCLIB